Renting Homes (Record no. 73783)
[ view plain ]
| 000 -LEADER | |
|---|---|
| fixed length control field | 00814cam a2200193 4500 |
| 001 - CONTROL NUMBER | |
| control field | WB3943-11 |
| 008 - FIXED-LENGTH DATA ELEMENTS--GENERAL INFORMATION | |
| fixed length control field | 031112n2003 000 0 eng u |
| 035 ## - SYSTEM CONTROL NUMBER | |
| System control number | (Sirsi) u124304 |
| 245 ## - TITLE STATEMENT | |
| Title | Renting Homes |
| 260 ## - PUBLICATION, DISTRIBUTION, ETC. | |
| Date of publication, distribution, etc. | 2003 |
| 490 ## - SERIES STATEMENT | |
| Series statement | Law Society's Gazette |
| Volume/sequential designation | (100/42) 6 November 2003, 5(1) |
| 520 ## - SUMMARY, ETC. | |
| Summary, etc. | The Law Commission has published a new report that recommends a shake up in landlord and tenant law. Amongst the recommendations contained within 'Renting Homes' was a suggestion for model written agreements that include land lords' and occupiers' rights. To view either the whole report or a summary visit http://www.lawcom.gov.uk/222.htm#lc284. |
| 590 ## - LOCAL NOTE (RLIN) | |
| Local note | WB |
| 650 ## - SUBJECT ADDED ENTRY--TOPICAL TERM | |
| Topical term or geographic name entry element | LAW COMMISSION |
| 650 ## - SUBJECT ADDED ENTRY--TOPICAL TERM | |
| Topical term or geographic name entry element | HOUSE RENTING |
| 650 ## - SUBJECT ADDED ENTRY--TOPICAL TERM | |
| Topical term or geographic name entry element | REFORM |
| 690 ## - LOCAL SUBJECT ADDED ENTRY--TOPICAL TERM (OCLC, RLIN) | |
| Topical term or geographic name as entry element | HOUSING-PRIVATE RENTED SECTOR |
| 942 ## - ADDED ENTRY ELEMENTS (KOHA) | |
| Suppress in OPAC | 0 |
| Withdrawn status | Lost status | Source of classification or shelving scheme | Damaged status | Not for loan | Home library | Current library | Shelving location | Date acquired | Total Checkouts | Full call number | Barcode | Date last seen | Copy number | Price effective from | Koha item type |
|---|---|---|---|---|---|---|---|---|---|---|---|---|---|---|---|
| Dewey Decimal Classification | London | London | News article | 12/11/2003 | WB3943-11 | 124304-1001 | 06/08/2019 | 1 | 06/08/2019 | News article |